00461nam a2200157Ia 450000500170000000800410001708200130005810000150007124500240008626000390011030000130014965000250016294200060018795200950019399900150028820250408015514.0240331s9999 xx 000 0 und d bMUTa100 aMuthiah, N 0aEelathu siththarkal aChennaibKumaran Pathippagamc1994 a192 p ., aMystics of Sri Lanka cL 001040708LaWERCLbWERCLcSSCd2024-03-31l0o 100 MUTp3660r2024-03-31w2024-03-31yL c3576d3576